000 00437nam a2200157 a 4500
005 20140310183148.0
008 020826s19uu xx 00 eng d
050 _aPS 3563.A28
_b.M135 1964
100 _aMacDonald, John D.
245 _aThe deep blue good-by /
_cJohn D. MacDonald.
260 _aAmerica ;
_bA fawcett Gold Medal Book,
_c1964.
300 _a143 p. :
_c17 cm.
650 _aFiction
942 _cBK
_2lcc
999 _c19581
_d19581